[Event "HUN-chT2 Toth 0910"]
[Site "Hungary"]
[Date "2010.01.31"]
[Round "5.8"]
[White "Ferenczi, Zoltan"]
[Black "Fodor, Istvan"]
[Result "1-0"]
[WhiteElo "2105"]
[BlackElo "2037"]
[PlyCount "73"]
[EventDate "2009.11.08"]
[EventType "team-tourn"]
[EventRounds "11"]
[EventCountry "HUN"]
[SourceTitle "EXT 2011"]
[Source "ChessBase"]
[SourceDate "2010.11.26"]
[SourceVersion "1"]
[SourceVersionDate "2010.11.26"]
[SourceQuality "1"]
[WhiteTeam "Kisujszallas"]
[BlackTeam "Karcag"]
[WhiteTeamCountry "HUN"]
[BlackTeamCountry "HUN"]

1. e4 c5 2. Nf3 Nc6 3. d4 cxd4 4. Nxd4 Nf6 5. Nc3 e5 6. Ndb5 d6 7. Bg5 a6 8. Na3 b5 9. Nd5 Be7 10. Bxf6 Bxf6 11. c3 0-0 12. Nc2 g6 13. a4 Rb8 14. axb5 axb5 15. Bd3 Bg7 16. Qe2 Bd7 17. 0-0 f5 18. Ra6 f4 19. f3 g5 20. Bxb5 Rxb5 21. Qxb5 Nd4 22. Nxd4 Bxb5 23. Nxb5 Qb8 24. c4 h5 25. Rfa1 Kh7 26. Ra7 g4 27. Rc7 g3 28. h3 Rc8 29. Nf6+ Kg6 30. Nd7 Qxc7 31. Nxc7 Rxc7 32. Nb6 Rc6 33. Nd5 Rxc4 34. b4 Bf6 35. b5 Bd8 36. b6 Bxb6+ 37. Nxb6 1-0

[Event "HUN-chT2 Barcza 0506"]
[Site "Hungary"]
[Date "2006.04.23"]
[Round "11"]
[White "Ferenczi, Zoltan"]
[Black "Pal, Ferenc"]
[Result "1-0"]
[WhiteElo "2145"]
[BlackElo "2020"]
[PlyCount "93"]
[EventDate "2005.10.16"]
[EventType "team"]
[EventRounds "11"]
[EventCountry "HUN"]
[SourceTitle "EXT 2009"]
[Source "ChessBase"]
[SourceDate "2008.11.26"]
[SourceVersion "1"]
[SourceVersionDate "2008.11.26"]
[SourceQuality "1"]
[WhiteTeam "Pladany MAV"]
[BlackTeam "Piremon II"]
[WhiteTeamCountry "HUN"]
[BlackTeamCountry "HUN"]

1. e4 c5 2. Nf3 Nc6 3. d4 cxd4 4. Nxd4 d6 5. Be3 Nf6 6. Nc3 g6 7. Be2 Bg7 8. 0-0 0-0 9. Kh1 Bd7 10. Rb1 Rc8 11. f3 a6 12. a3 b5 13. Nxc6 Bxc6 14. Bd3 Qc7 15. Qe2 Rfd8 16. Qf2 Qb7 17. Bd4 e6 18. Qh4 e5 19. Be3 d5 20. Bg5 Rd6 21. exd5 Bxd5 22. Rfe1 Re6 23. Re2 Rce8 24. Qf2 Nd7 25. Nxd5 Qxd5 26. Be4 Qc5 27. Be3 Qc7 28. Bd5 Rd6 29. Bb3 Nf6 30. Rbe1 Rc8 31. Bd2 Nd5 32. g3 Qc6 33. Re4 f5 34. R4e2 Bf6 35. Bc3 e4 36. fxe4 Bxc3 37. exd5 Rxd5 38. bxc3 Kg7 39. Bxd5 Qxd5+ 40. Qg2 Qc4 41. Re7+ Kf6 42. h4 Rc6 43. Qd2 f4 44. g4 h5 45. g5+ Kf5 46. R7e5+ Kg4 47. Rg1+ 1-0

[Event "HUN-chT2 Barcza 0405"]
[Site "Hungary"]
[Date "2005.04.24"]
[Round "11"]
[White "Ferenczi, Zoltan"]
[Black "Maklari, Arpad"]
[Result "1/2-1/2"]
[WhiteElo "1906"]
[BlackElo "1979"]
[PlyCount "39"]
[EventDate "2004.09.26"]
[EventType "team"]
[EventRounds "11"]
[EventCountry "HUN"]
[SourceTitle "EXT 2009"]
[Source "ChessBase"]
[SourceDate "2008.11.26"]
[SourceVersion "1"]
[SourceVersionDate "2008.11.26"]
[SourceQuality "1"]
[WhiteTeam "Puspokladany"]
[BlackTeam "Piremon II"]
[WhiteTeamCountry "HUN"]
[BlackTeamCountry "HUN"]

1. e4 e5 2. Nf3 Nf6 3. Nxe5 d6 4. Nf3 Nxe4 5. Qe2 Qe7 6. d3 Nf6 7. Nc3 Bg4 8. Be3 Nc6 9. h3 Bh5 10. 0-0-0 0-0-0 11. g4 Bg6 12. Bg2 d5 13. Rhe1 Qd7 14. Nd4 Bb4 15. Nxc6 Qxc6 16. Bd2 Qd7 17. f4 h6 18. g5 Bh5 19. Qf2 d4 20. Ne2 1/2-1/2

[Event "HUN-chT2 Barcza 0405"]
[Site "Hungary"]
[Date "2005.02.20"]
[Round "8"]
[White "Ferenczi, Zoltan"]
[Black "Bartok Csato, Gyorgy"]
[Result "0-1"]
[WhiteElo "1906"]
[BlackElo "2047"]
[PlyCount "76"]
[EventDate "2004.09.26"]
[EventType "team"]
[EventRounds "11"]
[EventCountry "HUN"]
[SourceTitle "EXT 2009"]
[Source "ChessBase"]
[SourceDate "2008.11.26"]
[SourceVersion "1"]
[SourceVersionDate "2008.11.26"]
[SourceQuality "1"]
[WhiteTeam "Puspokladany"]
[BlackTeam "Hajduszoboszlo"]
[WhiteTeamCountry "HUN"]
[BlackTeamCountry "HUN"]

1. e4 c5 2. Nf3 Nc6 3. d4 cxd4 4. Nxd4 Nf6 5. Nc3 d6 6. Be2 e6 7. 0-0 Be7 8. Be3 0-0 9. Qd2 a6 10. f3 Qc7 11. Rfe1 Ne5 12. Rab1 b5 13. Nd1 Bb7 14. Nf2 Rac8 15. Rec1 Nc4 16. Bxc4 Qxc4 17. b3 Qc7 18. c4 bxc4 19. Rxc4 Qd7 20. Rbc1 Rxc4 21. Rxc4 d5 22. exd5 Nxd5 23. Bg5 Nb6 24. Bxe7 Nxc4 25. Qb4 Re8 26. Bc5 Ne5 27. Qe1 Qd5 28. b4 Ng6 29. a4 a5 30. Ne4 axb4 31. Qxb4 Rc8 32. Nb3 Qd1+ 33. Kf2 Bxe4 34. fxe4 h5 35. a5 Nf4 36. Qc4 Nd3+ 37. Ke3 Nxc5 38. Nxc5 Rxc5 0-1

[Event "HUN-chT2 Barcza 0405"]
[Site "Hungary"]
[Date "2005.02.06"]
[Round "7"]
[White "Uzonyi, David"]
[Black "Ferenczi, Zoltan"]
[Result "0-1"]
[WhiteElo "1753"]
[BlackElo "1906"]
[PlyCount "98"]
[EventDate "2004.09.26"]
[EventType "team"]
[EventRounds "11"]
[EventCountry "HUN"]
[SourceTitle "EXT 2009"]
[Source "ChessBase"]
[SourceDate "2008.11.26"]
[SourceVersion "1"]
[SourceVersionDate "2008.11.26"]
[SourceQuality "1"]
[WhiteTeam "Hajduboszormeny II"]
[BlackTeam "Puspokladany"]
[WhiteTeamCountry "HUN"]
[BlackTeamCountry "HUN"]

1. e4 c5 2. c3 d5 3. exd5 Qxd5 4. Nf3 Nf6 5. d4 cxd4 6. cxd4 e6 7. Nc3 Qd8 8. Be2 Be7 9. 0-0 0-0 10. h3 Nc6 11. Be3 b6 12. Rc1 Bb7 13. a3 Rc8 14. Qd3 Qd7 15. Rfd1 Rfd8 16. Qb1 Qe8 17. Bd3 h6 18. b4 Bd6 19. b5 Ne7 20. a4 Ned5 21. Ne4 Nxe4 22. Bxe4 Nc3 23. Rxc3 Bxe4 24. Qb2 Rxc3 25. Qxc3 Rc8 26. Qe1 Bc2 27. Ra1 Rc4 28. Qe2 Rxa4 29. Rc1 Bb3 30. Nd2 Bd5 31. Qg4 Kh8 32. Nb1 Rc4 33. Rd1 Qxb5 34. Qh5 Kg8 35. Nd2 Rc7 36. Qg4 Kh8 37. Ne4 Bxe4 38. Qxe4 Qd5 39. Qh4 Bf8 40. Qg4 b5 41. Bf4 Bd6 42. Be3 b4 43. Rb1 a5 44. Ra1 Qb3 45. Qe4 Ra7 46. d5 Ra6 47. dxe6 Qxe6 48. Qb7 Be5 49. Rc1 Bc3 0-1

[Event "HUN-chT2 Barcza 0405"]
[Site "Hungary"]
[Date "2005.01.23"]
[Round "6"]
[White "Ferenczi, Zoltan"]
[Black "Kubinka, Andras"]
[Result "0-1"]
[WhiteElo "1906"]
[BlackElo "2007"]
[PlyCount "88"]
[EventDate "2004.09.26"]
[EventType "team"]
[EventRounds "11"]
[EventCountry "HUN"]
[SourceTitle "EXT 2009"]
[Source "ChessBase"]
[SourceDate "2008.11.26"]
[SourceVersion "1"]
[SourceVersionDate "2008.11.26"]
[SourceQuality "1"]
[WhiteTeam "Puspokladany"]
[BlackTeam "Kazincbarcika"]
[WhiteTeamCountry "HUN"]
[BlackTeamCountry "HUN"]

1. e4 e5 2. Nf3 Nc6 3. Bc4 d6 4. d4 Bg4 5. d5 Nd4 6. Be2 Nxe2 7. Qxe2 a6 8. c4 Nf6 9. Nc3 Be7 10. Bd2 Nd7 11. h3 Bh5 12. 0-0 0-0 13. Qe3 Bg6 14. Ng5 h6 15. Nf3 f5 16. exf5 Rxf5 17. Rac1 Qf8 18. Ne4 Rf4 19. Ng3 Nc5 20. Rc3 Ne4 21. Rcc1 Nxd2 22. Nxd2 Bg5 23. Qc3 Rd4 24. Rcd1 Rd3 25. Qc2 Bh7 26. Nde4 Rxd1 27. Qxd1 Qf4 28. Nxg5 Qxg5 29. Qg4 Qxg4 30. hxg4 Bd3 31. Rc1 b6 32. Rc3 Bg6 33. Kf1 Rf8 34. Ke2 Rf4 35. f3 Bb1 36. a3 a5 37. Ke3 Rd4 38. Ne2 Rd1 39. Rc1 Rd3+ 40. Ke4 Rd2+ 41. Ke3 Rxb2 42. Nc3 Ba2 43. Nb5 Bxc4 44. Nxc7 Re2# 0-1

[Event "HUN-chT2 Barcza 0405"]
[Site "Hungary"]
[Date "2004.12.05"]
[Round "4"]
[White "Ferenczi, Zoltan"]
[Black "Mizik, Zsolt"]
[Result "1/2-1/2"]
[WhiteElo "1906"]
[BlackElo "1983"]
[PlyCount "37"]
[EventDate "2004.09.26"]
[EventType "team"]
[EventRounds "11"]
[EventCountry "HUN"]
[SourceTitle "EXT 2009"]
[Source "ChessBase"]
[SourceDate "2008.11.26"]
[SourceVersion "1"]
[SourceVersionDate "2008.11.26"]
[SourceQuality "1"]
[WhiteTeam "Puspokladany"]
[BlackTeam "Tiszavasvar"]
[WhiteTeamCountry "HUN"]
[BlackTeamCountry "HUN"]

1. e4 e5 2. Nf3 Nc6 3. Bc4 Bc5 4. c3 d6 5. d4 exd4 6. cxd4 Bb4+ 7. Nc3 Bg4 8. 0-0 Nf6 9. Bg5 Bxc3 10. bxc3 h6 11. Bxf6 Qxf6 12. Rb1 Rb8 13. d5 Bxf3 14. Qxf3 Qxf3 15. gxf3 Ne5 16. Be2 g5 17. Rb2 Kd7 18. Rfb1 b6 19. Kg2 1/2-1/2